La Biblia en España / (Registro nro. 42178)
[ vista simple ]
| 000 -CABECERA | |
|---|---|
| campo de control de longitud fija | 00837nam a2200229 a 4500 |
| 001 - NÚMERO DE CONTROL | |
| campo de control | 000042689 |
| 005 - FECHA Y HORA DE LA ÚLTIMA TRANSACCIÓN | |
| campo de control | 20201002040329.0 |
| 008 - DATOS DE LONGITUD FIJA--INFORMACIÓN GENERAL | |
| campo de control de longitud fija | 140205s1997 sp 000 0 spa d |
| 020 ## - NÚMERO INTERNACIONAL ESTÁNDAR DEL LIBRO | |
| Número Internacional Estándar del Libro | 8448707486(v.1) |
| 020 ## - NÚMERO INTERNACIONAL ESTÁNDAR DEL LIBRO | |
| Número Internacional Estándar del Libro | 8448707478(v.2) |
| 040 ## - FUENTE DE LA CATALOGACIÓN | |
| Centro catalogador/agencia de origen | DO-SdBNP |
| Lengua de catalogación | spa |
| Centro/agencia transcriptor | BNPHU |
| 100 1# - ENTRADA PRINCIPAL--NOMBRE DE PERSONA | |
| Nombre de persona | Borrow, George |
| 9 (RLIN) | 69993 |
| 240 10 - TÍTULO UNIFORME | |
| Título uniforme | Bible in Spain |
| Lenguaje de la obra | español |
| 245 13 - MENCIÓN DE TÍTULO | |
| Título | La Biblia en España / |
| Mención de responsabilidad, etc. | George Borro introducción de Alberto González Troyano ; traducción de Manuel Azaña. |
| 260 ## - PUBLICACIÓN, DISTRIBUCIÓN, ETC. | |
| Lugar de publicación, distribución, etc. | Barcelona : |
| Nombre del editor, distribuidor, etc. | Alianza, |
| Fecha de publicación, distribución, etc. | 1997. |
| 300 ## - DESCRIPCIÓN FÍSICA | |
| Extensión | 2 v. ; |
| Dimensiones | 21 cm. |
| 490 1# - MENCIÓN DE SERIE | |
| Mención de serie | Altaya |
| Designación de volumen o secuencia | 50,51 |
| 505 2# - NOTA DE CONTENIDO CON FORMATO | |
| Nota de contenido con formato | v. 2 |
| Título | O viajes, aventuras y prisiones de un inglés en su intento de difundir las escrituras por la península |
| 700 1# - PUNTO DE ACCESO ADICIONAL--NOMBRE DE PERSONA | |
| Nombre de persona | Azaña, Manuel, |
| Fechas asociadas al nombre | 1880-1940. |
| Término indicativo de función/relación | tr. |
| 9 (RLIN) | 38343 |
| 700 1# - PUNTO DE ACCESO ADICIONAL--NOMBRE DE PERSONA | |
| Nombre de persona | González Troyano, Alberto. |
| 9 (RLIN) | 69994 |
| 830 #0 - PUNTO DE ACCESO ADICIONAL DE SERIE-TÍTULO UNIFORME | |
| -- | Altaya |
| Designación de volumen o secuencia | 50,51 |
| Estado de retiro | Estado de pérdida | Restricciones de uso | No para préstamo | Código de colección | Localización permanente | Ubicación/localización actual | Ubicación en estantería | Fecha de adquisición | Número de inventario | Total de préstamos | Signatura topográfica completa | Código de barras | Fecha visto por última vez | Precio válido a partir de | Tipo de ítem Koha |
|---|---|---|---|---|---|---|---|---|---|---|---|---|---|---|---|
| Excluido de préstamo | Monografías: Libros y Folletos | General | General | En catalogación | 05.02.2014 | LF1 | v. 1 | 42689-10 | 25.06.2020 | 25.06.2020 | No se presta | ||||
| Excluido de préstamo | Monografías: Libros y Folletos | General | General | En catalogación | 05.02.2014 | LF1 | v. 2 | 42689-20 | 25.06.2020 | 25.06.2020 | No se presta |
